| 000 | 00606nam a2200253Ia 4500 | ||
|---|---|---|---|
| 008 | 180313s9999 xx 000 0 und d | ||
| 020 | _a9780545920155 | ||
| 050 | _bGS FIC H379 2015 | ||
| 100 | _aHautala, Beth | ||
| 245 | _aWaiting for unicorns / | ||
| 245 | _cby Beth Hautala. | ||
| 260 | _aNew York, New York : | ||
| 260 | _bScholastic Inc., | ||
| 260 | _c2015 | ||
| 300 | _a240 pages : | ||
| 300 | _billustrations ; | ||
| 300 | _c19cm. | ||
| 650 | _aArctic regions. | ||
| 650 | _aGrief. | ||
| 650 | _aMothers -- | ||
| 650 | _aStorytelling. | ||
| 650 | _xDeath. | ||
| 700 | _aTitle. | ||
| 999 |
_c356257 _d356257 |
||